000 02336cam a22006734i 4500
003 PE-LiUPU
005 20250731170458.0
008 150706s1996 ck a r 000 0 spa d
020 _a9580449945
020 _a9789580449942
035 _a(Sirsi) i9789580449945
040 _aPE-LiUPU
_bspa
_cPE-LiUPU
_dPE-LiUPU
_erda
041 1 _aspa
_heng
049 _aPRUA
082 0 4 _a153.35
_bF77
_221
100 1 _aFoster, Jack, 1930- ,
_eautor.
245 1 0 _aCómo generar ideas /
_cJack Foster ; traducción Felipe Cárdenas.
264 1 _aBogotá :
_bNorma,
_c1996.
300 _ax, 194 páginas :
_bilustraciones ;
_c21 centímetros
336 _atext
_2rdacontent
337 _aunmediated
_2rdamedia
338 _avolume
_2rdacarrier
505 0 _a¿Qué es una idea? -- Diviértase -- Cultive la inclinación a las ideas -- Propóngase metas -- Piense como un niño -- Obtenga más datos -- Ármese de valor -- Piense en cómo piensa -- Aprenda a combinar -- Defina el problema -- Reúna información -- Busque la idea -- Olvide el asunto -- Ponga la idea en acción.
526 _aSEG68
526 _aSEG70
526 _aSEG69
526 _aSEG67
526 _aSEG43
526 _aP144
526 _aP143
526 _aP131
526 _aP122
526 _aP120
526 _aP117
526 _aP112
526 _aP110
526 _aP106
526 _aP101
526 _aP80
526 _aP59
526 _aP54
526 _aP35
526 _aP33
526 _aP30
534 _pTítulo original :
_tHow to get ideas.
541 _g302-0123224;
650 0 4 _aAptitud creadora.
650 0 4 _aPublicidad.
650 0 4 _aAptitud creadora en los negocios.
_94116
650 0 4 _aPsicología aplicada.
650 0 4 _aÉxito.
_91682
700 1 _aCárdenas, Felipe,
_etraductor.
910 _agl20131016
942 _2ddc
_cBOOK
949 _a153.35 F77
_wDEWEY
_c1
_i68662
_lCCODEBUL1
_mBUL
_p15.00
_r0
_sY
_tBOOK
_u2015-7-6
_xFCE
_PP04
_o.STAFF. Colección General
994 _aC0
_bPEPRU
596 _a1
999 _a153.35 F77
_wDEWEY
_c55941
_i68662
_d55941
_e2019-5-14
_f2021-11-3
_g6
_lCCODEBUL1
_mBUL
_n6
_p15.00
_q1
_r0
_sY
_tBOOK
_u2015-7-6
_xSALUD
_zP04
_0COMPRA
_o.STAFF. Colección Ciencias de la Salud
980 _81
_gALBERTO SANCHEZ Responsable de Automatización